000 00212nam a22001217a 4500
040 _cSK
082 _a639
100 _aFAO
245 _aCommon carp
260 _aROME
_bFAO
_c1985
300 _a85p.
942 _cEK
999 _c9670
_d9670